000 01527cam a2200265 4500
001 ##L135726
008 061204n2006 000 0 eng u
035 _a(Sirsi) u135726
041 0 _aeng
050 0 4 _a333.33 $2 18
110 2 _aLlewelyn Davies Yeang
_94885
245 0 0 _aQuality of place
_bthe North's residential offer
260 _aLondon
_bLlewelyn Davies Yeang
_c2006
505 1 _aPhase I report: exploring the literature - defining the relationship between QoP/RO and REC -- Phase IIa report: developing the analytical framework - a preliminary assessment of residential offer in three northern city regions
520 _aExamines the failure of Northern regions to close the gap with the national, and southern regional, economies and considers the role that urban residential quality could play in explaining and closing the gap. The phase I report provides a literature review, whilst the phase IIa report explores three key dimensions of the residential offer (range, quality and value for money) in the methodology and three case studies of city regions Manchester, Sheffield and Tees Valley. (See also L135808).
590 _aKA
651 4 _aNORTHERN ENGLAND
651 4 _aMANCHESTER
651 4 _aSHEFFIELD
651 4 _aTEES VALLEY
690 _aPROPERTY-RESIDENTIAL PROPERTY
710 2 _aNorthern Way Sustainable Communities Investment Priority
856 4 0 _uhttps://www.thenorthernway.co.uk/PAGE.ASP?ID=208
_zView the report free of charge at www.thenorthernway.co.uk...
942 _n0
999 _c106171
_d106171